|
|
|
|
| LEADER |
01589nam a2200349 a 4500 |
| 001 |
14317 |
| 003 |
BD-DhAAL |
| 005 |
20211109100035.0 |
| 008 |
180607t2002 nyua 001 0 eng |
| 999 |
|
|
|c 39343
|d 39343
|
| 010 |
|
|
|a 2003265788
|
| 020 |
|
|
|a 0072224207 (pbk.)
|
| 020 |
|
|
|a 9790070495431
|
| 020 |
|
|
|a 0070495432
|
| 040 |
|
|
|a DLC
|c DLC
|d DLC
|d BD-DhAAL
|
| 050 |
0 |
0 |
|a QA76.73.J38
|b S32814 2002
|
| 082 |
0 |
4 |
|a 005.133
|2 23
|
| 100 |
1 |
|
|a Schildt, Herbert
|9 26178
|
| 245 |
1 |
0 |
|a Java 2 :
|b the complete reference /
|c Herbert Schildt
|
| 250 |
|
|
|a Fifth edition
|
| 260 |
|
|
|a New York :
|b McGraw-Hill Education,
|c c2002
|
| 300 |
|
|
|a xxviii, 1154 pages :
|b illustrations ;
|c 23 cm.
|
| 500 |
|
|
|a Includes index.
|
| 526 |
|
|
|a CSE
|
| 541 |
|
|
|a STS International
|e 14317, 33183, 33184
|
| 650 |
|
0 |
|a Java (Computer program language).
|9 26179
|
| 650 |
|
0 |
|a Computer science.
|9 42449
|
| 852 |
|
|
|a Ayesha Abed Library
|c General Stacks
|
| 942 |
|
|
|2 ddc
|c BK
|
| 952 |
|
|
|0 0
|1 0
|2 ddc
|3 Send it to the Cataloging team for changing Call number
|4 0
|6 005_276200000000000_SCH
|7 0
|9 63496
|a BRACUL
|b BRACUL
|c GEN
|d 2018-06-05
|e STS International
|g 1350.00
|l 9
|m 91
|o 005.2762 SCH
|p 3010033183
|r 2024-10-04
|s 2024-05-29
|t 2
|v 1350.00
|w 2018-06-05
|y BK
|
| 952 |
|
|
|0 0
|1 0
|2 ddc
|4 0
|6 005_133000000000000_SCH
|7 0
|9 63497
|a BRACUL
|b BRACUL
|c GEN
|d 2018-06-05
|e STS International
|g 1350.00
|l 8
|m 100
|o 005.133 SCH
|p 3010033184
|r 2025-10-23
|s 2025-10-19
|t 3
|v 1350.00
|w 2018-06-05
|y BK
|
| 952 |
|
|
|0 0
|1 0
|2 ddc
|4 0
|6 005_133000000000000_SCH
|7 0
|9 67689
|a BRACUL
|b BRACUL
|c GEN
|d 2020-01-08
|l 3
|o 005.133 SCH
|p 3010014317
|r 2022-03-21
|s 2020-03-16
|t 1
|w 2020-01-08
|y BK
|